[Event "Rottach Egern Seniors Cup 11th"]
[Site "Rottach Egern"]
[Date "2023.04.17"]
[Round "3"]
[White "Kaiser, Guenter"]
[Black "Pruesse, Horst"]
[Result "0-1"]
[WhiteElo "1963"]
[BlackElo "2089"]
[PlyCount "72"]
[EventDate "2023.04.15"]
[EventType "swiss"]
[EventRounds "9"]
[EventCountry "GER"]
[SourceTitle "EXT 2024"]
[Source "ChessBase"]
[SourceDate "2023.10.10"]
[SourceVersion "1"]
[SourceVersionDate "2023.10.10"]
[SourceQuality "1"]

1. b3 e5 2. Bb2 Nc6 3. e3 Nf6 4. c4 Be7 5. Be2 0-0 6. a3 d5 7. cxd5 Nxd5 8. Qc2 Be6 9. Nf3 Bf6 10. d3 g6 11. Nbd2 Bg7 12. Nc4 f6 13. 0-0 Qe7 14. d4 exd4 15. Nxd4 Nxd4 16. Bxd4 Bf5 17. Qc1 c5 18. Bb2 Rad8 19. Rd1 Nf4 20. Bf1 Nd3 21. Bxd3 Rxd3 22. Rxd3 Bxd3 23. Qc3 Rd8 24. Rd1 Be2 25. Rd2 Bg4 26. f3 Be6 27. e4 Rxd2 28. Qxd2 b5 29. Qd6 Bf8 30. Qxe7 Bxe7 31. Nd2 f5 32. exf5 gxf5 33. Bc3 b4 34. axb4 cxb4 35. Bd4 Bg5 36. Nb1 Bxb3 0-1

[Event "GER T323-B32-S email"]
[Site "GER email"]
[Date "2021.01.07"]
[Round "?"]
[White "Fischer, Jens"]
[Black "Kaiser, Guenter"]
[Result "1-0"]
[WhiteElo "1804"]
[BlackElo "2051"]
[PlyCount "69"]
[EventDate "2021.01.07"]
[EventType "tourn (corr)"]
[EventRounds "8"]
[EventCountry "GER"]
[SourceTitle "Corr 2024"]
[Source "ChessBase"]
[SourceDate "2023.10.19"]
[SourceVersion "1"]
[SourceVersionDate "2023.10.19"]
[SourceQuality "1"]

1. e4 c5 2. Nf3 Nc6 3. d4 cxd4 4. Nxd4 Nxd4 5. Qxd4 a6 6. Be2 e6 7. 0-0 Ne7 8. Rd1 Nc6 9. Qc3 b5 10. Bf4 Be7 11. a4 b4 12. Qxg7 Bf6 13. Qg3 Bxb2 14. Ra2 Qf6 15. Rxb2 Qxb2 16. Nd2 Qc3 17. Bd3 d5 18. h3 Ra7 19. exd5 exd5 20. Nf3 Re7 21. Bxh7 Be6 22. Bd2 Qc5 23. Bd3 f6 24. Be3 Qa5 25. Qg6+ Rf7 26. Re1 Ne7 27. Qg3 Kd7 28. Nd4 Rg8 29. Qh4 b3 30. Rb1 bxc2 31. Bxc2 Qc7 32. a5 Rfg7 33. Bf4 Rxg2+ 34. Kh1 Qc8 35. Ba4+ 1-0

[Event "GER T323-B32-S email"]
[Site "GER email"]
[Date "2021.01.07"]
[Round "?"]
[White "Schulz, Guenter"]
[Black "Kaiser, Guenter"]
[Result "1-0"]
[WhiteElo "2182"]
[BlackElo "2051"]
[PlyCount "59"]
[EventDate "2021.01.07"]
[EventType "tourn (corr)"]
[EventRounds "8"]
[EventCountry "GER"]
[SourceTitle "Corr 2024"]
[Source "ChessBase"]
[SourceDate "2023.10.19"]
[SourceVersion "1"]
[SourceVersionDate "2023.10.19"]
[SourceQuality "1"]

1. e4 c5 2. Nf3 Nc6 3. d4 cxd4 4. Nxd4 Nxd4 5. Qxd4 a6 6. Be2 e6 7. c4 Ne7 8. Be3 Nc6 9. Qd2 Be7 10. 0-0 0-0 11. Nc3 b6 12. Rad1 Qc7 13. f4 Rd8 14. a3 d6 15. b4 Rb8 16. Rc1 Bd7 17. Qe1 Qb7 18. b5 axb5 19. cxb5 Na5 20. f5 Nb3 21. Rb1 Nc5 22. f6 gxf6 23. Rf3 Kh8 24. Rh3 e5 25. Rxh7+ Kxh7 26. Qh4+ Kg8 27. Rf1 Bf8 28. Rf3 Bg7 29. Rg3 Kf8 30. Rxg7 1-0

[Event "GER T304-B20-S email"]
[Site "GER email"]
[Date "2020.07.14"]
[Round "?"]
[White "Kaiser, Guenter"]
[Black "Benicke, Bernd"]
[Result "0-1"]
[WhiteElo "2051"]
[BlackElo "1756"]
[PlyCount "66"]
[EventDate "2020.07.14"]
[EventType "tourn (corr)"]
[EventRounds "8"]
[EventCountry "GER"]
[SourceTitle "Corr 2024"]
[Source "ChessBase"]
[SourceDate "2023.10.19"]
[SourceVersion "1"]
[SourceVersionDate "2023.10.19"]
[SourceQuality "1"]

1. e4 c5 2. a3 g6 3. b4 Bg7 4. Nc3 d6 5. Nf3 Nc6 6. Bc4 Nf6 7. Rb1 cxb4 8. axb4 Bg4 9. h3 Bxf3 10. Qxf3 0-0 11. Qe3 e6 12. b5 Na5 13. Be2 d5 14. Qd3 Rc8 15. 0-0 Nc4 16. exd5 exd5 17. Ra1 d4 18. Nb1 Nd5 19. Bd1 Nf4 20. Qf3 d3 21. c3 Bh6 22. Kh1 Re8 23. Ra4 Ne2 24. Bb3 Ne5 25. Qxb7 Qf6 26. Ra6 Qf5 27. g4 Qg5 28. Qg2 Nf4 29. Qg3 Qe7 30. f3 Qb7 31. Na3 Ne2 32. Qf2 Re7 33. Rf6 Nd7 0-1

[Event "GER T304-B20-S email"]
[Site "GER email"]
[Date "2020.07.14"]
[Round "?"]
[White "Kaiser, Guenter"]
[Black "Frotscher, Thomas"]
[Result "1/2-1/2"]
[WhiteElo "2051"]
[BlackElo "2190"]
[PlyCount "66"]
[EventDate "2020.07.14"]
[EventType "tourn (corr)"]
[EventRounds "8"]
[EventCountry "GER"]
[SourceTitle "Corr 2024"]
[Source "ChessBase"]
[SourceDate "2023.10.19"]
[SourceVersion "1"]
[SourceVersionDate "2023.10.19"]
[SourceQuality "1"]

1. e4 c5 2. a3 Nc6 3. b4 Nf6 4. b5 Nd4 5. c3 Ne6 6. e5 Nd5 7. Nf3 d6 8. d4 cxd4 9. cxd4 g6 10. Bc4 Nb6 11. Bb3 dxe5 12. Nxe5 Bg7 13. Be3 Nd5 14. Qf3 Bxe5 15. Bxd5 Bg7 16. 0-0 0-0 17. Rd1 Qb6 18. Bxe6 Bxe6 19. Nc3 Rac8 20. d5 Rxc3 21. Bxb6 Rxf3 22. gxf3 axb6 23. dxe6 Bxa1 24. Rxa1 fxe6 25. Rc1 Rxf3 26. Rc7 Rxa3 27. Rxb7 Kf7 28. Kg2 e5 29. Rxb6 e4 30. Rb8 e3 31. fxe3 Rxe3 32. b6 Rb3 33. h4 Kf6 1/2-1/2

[Event "Muensterland Verbandsklasse 1920"]
[Site "Germany"]
[Date "2019.12.07"]
[Round "4.6"]
[White "Wigger, Niklas"]
[Black "Kaiser, Guenter"]
[Result "1/2-1/2"]
[WhiteElo "1819"]
[BlackElo "1628"]
[PlyCount "93"]
[EventDate "2019.09.14"]
[EventType "team-tourn"]
[EventRounds "7"]
[EventCountry "GER"]
[SourceTitle "EXT 2023"]
[Source "ChessBase"]
[SourceDate "2022.10.05"]
[SourceVersion "1"]
[SourceVersionDate "2022.10.05"]
[SourceQuality "1"]
[WhiteTeam "Heiden"]
[BlackTeam "Ochtrup"]
[WhiteTeamCountry "GER"]
[BlackTeamCountry "GER"]

1. e4 c5 2. Nf3 d6 3. d4 cxd4 4. Nxd4 Nf6 5. Nc3 a6 6. Bg5 e6 7. Bc4 Be7 8. Bxf6 Bxf6 9. Qd2 Qc7 10. Bb3 Nc6 11. Nde2 0-0 12. 0-0-0 Rd8 13. f4 Na5 14. g4 Nxb3+ 15. axb3 b5 16. g5 Be7 17. h4 Bb7 18. Qd3 Rac8 19. Rhg1 Qa5 20. f5 b4 21. Nb1 e5 22. f6 Bf8 23. h5 d5 24. g6 dxe4 25. gxh7+ Kxh7 26. fxg7 Bxg7 27. Rxg7+ Kxg7 28. Rg1+ Kh7 29. Qh3 Rxc2+ 30. Kxc2 Qc5+ 31. Nbc3 Bc8 32. Qg2 Qf8 33. Qxe4+ f5 34. Qxe5 bxc3 35. Nxc3 Re8 36. Qf4 Qf7 37. Kb1 Rg8 38. Re1 Re8 39. Rxe8 Qxe8 40. Qg5 Qf7 41. Ne2 Qe6 42. Qd2 Qd7 43. Nd4 Qd5 44. Qc3 Bb7 45. Qe3 Qe4+ 46. Qxe4 Bxe4+ 47. Kc1 1/2-1/2

[Event "Hamburg-ch Seniors 23rd"]
[Site "Hamburg"]
[Date "2016.11.07"]
[Round "6"]
[White "Kaiser, Guenter"]
[Black "Berking, Bernhard"]
[Result "1-0"]
[WhiteElo "1530"]
[BlackElo "1626"]
[PlyCount "149"]
[EventDate "2016.11.02"]
[EventType "swiss"]
[EventRounds "9"]
[EventCountry "GER"]
[SourceTitle "EXT 2019"]
[Source "ChessBase"]
[SourceDate "2018.10.10"]
[SourceVersion "1"]
[SourceVersionDate "2018.10.10"]
[SourceQuality "1"]

1. d4 Nf6 2. Nf3 e6 3. c4 b6 4. Nc3 Bb7 5. e3 Bb4 6. Bd3 0-0 7. 0-0 Be7 8. Re1 c5 9. b3 d6 10. Ng5 Nbd7 11. Bc2 Rc8 12. Qd3 g6 13. e4 cxd4 14. Qxd4 e5 15. Qd2 a6 16. a4 Qc7 17. Ba3 Bc6 18. Rac1 Rfd8 19. Nf3 Ne8 20. Nd5 Bxd5 21. exd5 Qb7 22. Nd4 Nb8 23. Nf3 b5 24. axb5 axb5 25. Bd3 bxc4 26. bxc4 Nd7 27. Bb4 Nc5 28. Bxc5 Rxc5 29. Qe3 Qd7 30. Nd2 f5 31. f3 f4 32. Qf2 Ra8 33. Ra1 Rxa1 34. Rxa1 Qd8 35. Nb3 Rc8 36. Na5 Ra8 37. Nb3 Rxa1+ 38. Nxa1 Qa5 39. Nc2 Bd8 40. Kh1 Kg7 41. g3 Bb6 42. Qe2 Qc5 43. Qe1 fxg3 44. hxg3 Nf6 45. Kg2 Qc7 46. Ne3 Qa7 47. Nc2 Qe7 48. Kh3 Bc5 49. Qd2 h6 50. Ne1 Qd7+ 51. Kh2 g5 52. Bc2 Qa7 53. Kg2 Be3 54. Qd3 Kh8 55. Qf5 Qe7 56. Bd3 Bc5 57. Nc2 Kg8 58. Na1 Kh8 59. Nb3 Bb4 60. Nc1 Bc5 61. Ne2 Bb4 62. g4 Bc5 63. Ng3 Kg8 64. Qc8+ Qf8 65. Qc7 Qf7 66. Qc6 Kh8 67. Bf5 Kg7 68. Be6 Qa7 69. Nf5+ Kg6 70. Nxd6 Qa2+ 71. Kh3 Qf2 72. Bf5+ Kg7 73. Qc7+ Kh8 74. Qd8+ Kg7 75. Qe7+ 1-0

[Event "Muensterland Verbandsliga 1213"]
[Site "Germany"]
[Date "2013.01.12"]
[Round "5.8"]
[White "Kaiser, Guenter"]
[Black "Binger, Friedhelm"]
[Result "1-0"]
[WhiteElo "1608"]
[BlackElo "1737"]
[PlyCount "75"]
[EventDate "2012.09.22"]
[EventType "team-tourn"]
[EventRounds "9"]
[EventCountry "GER"]
[SourceTitle "EXT 2015"]
[Source "ChessBase"]
[SourceDate "2014.11.20"]
[SourceVersion "1"]
[SourceVersionDate "2014.11.20"]
[SourceQuality "1"]
[WhiteTeam "Ochtrup"]
[BlackTeam "Gronau"]
[WhiteTeamCountry "GER"]
[BlackTeamCountry "GER"]

1. e4 e5 2. Nc3 Nf6 3. Bc4 Nc6 4. d3 Na5 5. Nge2 c6 6. 0-0 Be7 7. Ng3 d6 8. Kh1 b5 9. Bb3 b4 10. Nce2 Nxb3 11. axb3 d5 12. exd5 Qxd5 13. f3 0-0 14. Be3 a5 15. Ne4 Qb5 16. N2g3 Nd5 17. Bf2 f5 18. Nd2 Bf6 19. Nc4 c5 20. Re1 f4 21. Ne4 Ne3 22. Nxe3 fxe3 23. Bxe3 Be7 24. Qe2 Bb7 25. Bf2 Bd5 26. Bg3 Bf6 27. Qe3 Bxe4 28. Qxe4 Rad8 29. Qc4+ Qxc4 30. bxc4 e4 31. Rxe4 Bxb2 32. Rxa5 Ra8 33. Rxa8 Rxa8 34. h3 Bd4 35. Be5 Bf2 36. Re2 Bh4 37. Bd6 Ra2 38. g3 1-0

[Event "Obersteyr-ch"]
[Site "Muerzhofen"]
[Date "2012.01.04"]
[Round "1"]
[White "Kaiser, Guenter"]
[Black "Bachler, Wilhelm"]
[Result "0-1"]
[WhiteElo "1910"]
[BlackElo "1963"]
[PlyCount "78"]
[EventDate "2012.01.04"]
[EventType "swiss"]
[EventRounds "7"]
[EventCountry "AUT"]
[SourceTitle "EXT 2014"]
[Source "ChessBase"]
[SourceDate "2013.11.20"]
[SourceVersion "1"]
[SourceVersionDate "2013.11.20"]
[SourceQuality "1"]

1. e4 c6 2. Nc3 d5 3. exd5 cxd5 4. d4 Nf6 5. Nf3 g6 6. Bb5+ Bd7 7. Bxd7+ Nbxd7 8. 0-0 Bg7 9. Re1 0-0 10. Bf4 Re8 11. h3 a6 12. Qd2 Nb6 13. b3 Nc8 14. Re5 e6 15. Re2 Nd6 16. Bg5 Qb8 17. Bxf6 Bxf6 18. Rae1 Qc7 19. Nxd5 exd5 20. Rxe8+ Rxe8 21. Qf4 Rxe1+ 22. Nxe1 Qe7 23. Nf3 Kg7 24. Ne5 Bxe5 25. dxe5 Ne8 26. Qd4 Qe6 27. g4 Nc7 28. f4 Kg8 29. Qa7 Qc6 30. Qb8+ Kg7 31. Qd8 Ne6 32. Qf6+ Kg8 33. f5 Nf8 34. Qg5 Qxc2 35. e6 fxe6 36. fxe6 Qd1+ 37. Kf2 Qd4+ 38. Ke1 Qe4+ 39. Kf2 Qxe6 0-1